Catalog

Record Details

Catalog Search



The Noel letters  Cover Image Book Book

The Noel letters / Richard Paul Evans.

Summary:

After nearly two decades, Noel Post returns to her childhood home in Salt Lake City to see her estranged, dying father. What she believed would be a brief visit turns into something more as she inherits the bookstore her father fought to keep alive. Reeling from loneliness, a recent divorce, and unanticipated upheavals in her world, Noel begins receiving letters from an anonymous source, each one containing thoughts and lessons about her life and her future. She begins to reacquaint herself with the bookstore and the people she left behind, and in doing so, starts to unravel the reality of her painful childhood and the truth about her family. As the holidays draw near, she receives a Christmastime revelation that changes not only how she sees the past but also how she views her future.

Record details

  • ISBN: 9781982129606
  • ISBN: 1982129603
  • Physical Description: 368 pages ; 19 cm.
  • Edition: First Gallery books hardcover edition.
  • Publisher: New York, New York : Gallery Books, 2020.

Content descriptions

Language Note:
In English.
Subject: Bookstores > Fiction.
Parent and adult child > Fiction.
Man-woman relationships > Fiction.
Faith > Fiction.
Life change events > Fiction.
Salt Lake City (Utah) > Fiction.
Faith.
Life change events.
Man-woman relationships.
Genre: Christmas stories.
Christmas stories.
Christmas fiction.

Available copies

  • 1 of 1 copy available at scottsboropl.

Holds

  • 0 current holds with 1 total copy.
Show Only Available Copies
Location Call Number / Copy Notes Barcode Shelving Location Status Due Date
scottsboropl F Eva 32269001190563 Adult - Fiction Available -

LDR 02535cam a2200505Ii 4500
001154574
003SBPL
00520201026145537.0
008200507t20202020nyu 000 1 eng d
010 . ‡a 2020942029
040 . ‡aT3Q ‡beng ‡erda ‡cT3Q ‡dBDX ‡dOCLCO ‡dOCLCF ‡dOCLCQ ‡dMJ8 ‡dOCLCO ‡dLMJ ‡dIP6 ‡dTXG ‡dUAP ‡dIUK
020 . ‡a9781982129606 ‡q(hardcover) : ‡c$21.99
020 . ‡a1982129603 ‡q(hardcover) : ‡c$21.99
035 . ‡a(OCoLC)1157031014
043 . ‡an-us---
05000. ‡aPS3555.V259 ‡bN65 2020
08204. ‡aFIC EVA
1001 . ‡aEvans, Richard Paul, ‡eauthor.
24514. ‡aThe Noel letters / ‡cRichard Paul Evans.
250 . ‡aFirst Gallery books hardcover edition.
264 1. ‡aNew York, New York : ‡bGallery Books, ‡c2020.
264 4. ‡c©2020
300 . ‡a368 pages ; ‡c19 cm.
336 . ‡atext ‡btxt ‡2rdacontent
337 . ‡aunmediated ‡bn ‡2rdamedia
338 . ‡avolume ‡bnc ‡2rdacarrier
4901 . ‡aNoel Collection ; ‡vbook 4
520 . ‡aAfter nearly two decades, Noel Post returns to her childhood home in Salt Lake City to see her estranged, dying father. What she believed would be a brief visit turns into something more as she inherits the bookstore her father fought to keep alive. Reeling from loneliness, a recent divorce, and unanticipated upheavals in her world, Noel begins receiving letters from an anonymous source, each one containing thoughts and lessons about her life and her future. She begins to reacquaint herself with the bookstore and the people she left behind, and in doing so, starts to unravel the reality of her painful childhood and the truth about her family. As the holidays draw near, she receives a Christmastime revelation that changes not only how she sees the past but also how she views her future.
546 . ‡aIn English.
650 0. ‡aBookstores ‡vFiction.
650 0. ‡aParent and adult child ‡vFiction.
650 0. ‡aMan-woman relationships ‡vFiction.
650 0. ‡aFaith ‡vFiction.
650 0. ‡aLife change events ‡vFiction.
651 0. ‡aSalt Lake City (Utah) ‡vFiction.
650 7. ‡aFaith. ‡2fast ‡0(OCoLC)fst01198492
650 7. ‡aLife change events. ‡2fast ‡0(OCoLC)fst00998231
650 7. ‡aMan-woman relationships. ‡2fast ‡0(OCoLC)fst01007080
655 0. ‡aChristmas stories.
655 7. ‡aChristmas stories. ‡2fast ‡0(OCoLC)fst01726561
655 7. ‡aChristmas fiction. ‡2lcgft
8001 . ‡aEvans, Richard Paul. ‡tNoel collection ; ‡v#4.
938 . ‡aBrodart ‡bBROD ‡n126545960
994 . ‡aZ0 ‡bMWL
948 . ‡hNO HOLDINGS IN MWL - 149 OTHER HOLDINGS
901 . ‡a154574 ‡b ‡c154574 ‡tbiblio

Additional Resources